Los reservistas o el ejército latente: de las antinomias de la razón tolerante al discurso de la seguridad /Esteban Llaguno Thomas, Luis Gómez Ordóñez /
Պահպանված է:
| Հիմնական հեղինակ: | |
|---|---|
| Այլ հեղինակներ: | |
| Ձևաչափ: | Տեքստ |
| Ցուցիչներ: |
Ավելացրեք ցուցիչ
Չկան պիտակներ, Եղեք առաջինը, ով նշում է այս գրառումը!
|
MARC
| LEADER | 00000 a a2200000 04500 | ||
|---|---|---|---|
| 001 | 48638 | ||
| 003 | |||
| 040 | |||
| 100 | |a Llaguno Thomas, Esteban | ||
| 245 | |a Los reservistas o el ejército latente: |b de las antinomias de la razón tolerante al discurso de la seguridad /Esteban Llaguno Thomas, Luis Gómez Ordóñez / |c Esteban Llaguno Thomas, Luis Gómez Ordóñez | ||
| 700 | |a Gómez Ordóñez, Luis | ||
| 773 | |g páginas 119-132 | ||
| 999 | |c 39508 |d 39508 | ||
